NBA MVPS - SUDDEN DEATH - Statistics

General Stats
  • This quiz has been taken 276 times
  • The average score is 11 of 16
Answers on the Grid
Answers color-coded by a green-red scale on the quiz's grid according to % correct below.
LeBron James
Victor Wembanyama
Ray Allen
David Robinson
Shai Gilgeous-Alexander
Karl Malone
Dwyane Wade
Joel Embiid
Chris Paul
Michael Jordan
Steve Nash
Patrick Ewing
Nikola Jokic
Kawhi Leonard
Charles Barkley
Allen Iverson
Anthony Davis
Reggie Miller
Giannis Antetokounmpo
Derrick Rose
Scottie Pippen
James Harden
Isiah Thomas
Luka Doncic
Dwight Howard
Stephen Curry
John Stockton
Kevin Durant
Magic Johnson
Kyrie Irving
 
Answer Stats
Answer % Correct
LeBron James
99%
Shai Gilgeous-Alexander
86%
Nikola Jokic
80%
Michael Jordan
74%
Joel Embiid
71%
Giannis Antetokounmpo
69%
Stephen Curry
68%
James Harden
64%
Magic Johnson
63%
Allen Iverson
61%
Derrick Rose
60%
Steve Nash
59%
David Robinson
58%
Karl Malone
58%
Kevin Durant
58%
Charles Barkley
54%
No matching quizzes found
Score Distribution
Percent of People with Each Score
Percentile by Number Answered
Your Score History
You have not taken this quiz